Statistics for Extremely Hard General Knowledge #5

Click here to take the quiz!

General Stats

  • This quiz has been taken 1,428 times
    (878 since last reset)
  • The average score is 4 of 20

Answer Stats

HintAnswer% Correct
Who was the emperor of Japan during the Second World War?Hirohito
82%
In the Bible, who sentenced Jesus Christ to be scourged and crucified?Pontius Pilate
60%
What is the only country named after a woman?Saint Lucia
47%
Which year was the last known case of Smallpox?1977
29%
What number alphabetically last when represented as a Roman numeral?38
29%
What is the longest river running entirely within Spain?Ebro
23%
The deaths of Adolf Hitler and Osama Bin Laden were both announced on which day of the year?1st May
21%
In which year did Wimbledon use green balls for the first time?1986
18%
Who is the protagonist in the Shakespeare play The Tempest?Prospero
18%
What is the collective noun for a group of flamingos?A flamboyance
8%
In the Star Wars universe, what was the name of Han Solo's home planet?Corellia
8%
What was the name of the Booker Prize 2019 winner, a sequel to The Handmaids Tale written by Margaret Atwood?The Testaments
7%
With a runtime of 106 minutes, which film is the shortest in the James Bond franchise?Quantum of Solace (2008)
6%
What is the name of the Norwegian cross-country skier, who is the most decorated Winter Olympian?Marit Bjørgen
3%
What is the name for the fear of snakes?Ophidiophobia
3%
In 2010, in the 25th Anniversary EastEnders episode, EastEnders Live, who was revealed to have killed Archie Mitchell?Stacey Slater
3%
Who won the first ever Oscar for Best Actor in 1929 for his roles in The Way of All Flesh (1927) and The Last Command (1928)?Emil Jannings
2%
Who is the patron saint of Bosnia and Herzegovina?Elijah
1%
What was the name of the only painting that Vincent Van Gogh sold in his lifetime?The Red Vineyard
1%
How many steps are there on the Eiffel Tower?1710
0%

Score Distribution

Percentile by Number Answered

Percent of People with Each Score

Your Score History

You have not taken this quiz since the last reset